Post-Hindu India (Record no. 14308)

MARC details
000 -LEADER
fixed length control field 00661nam a2200241 a 4500
020 ## - INTERNATIONAL STANDARD BOOK NUMBER
ISBN 9788178299020
082 00 - DEWEY DECIMAL CLASSIFICATION NUMBER
Classification number 294.508694
Author Cutter ILA
100 ## - MAIN ENTRY--AUTHOR NAME
Author name Ilaiah, Kancha
245 ## - TITLE STATEMENT
Title Post-Hindu India
Sub title A Discourse on Dalit-bahujan, Socio-Spiritual and Scientific Revolution
260 ## - PUBLICATION, DISTRIBUTION, ETC. (IMPRINT)
Place of publication Delhi
Name of publisher Sage Pub
Year of publication 2009
300 ## - PHYSICAL DESCRIPTION
Number of Pages 302p
500 ## - GENERAL NOTE
General note includes index and biblioraphy
505 2# - FORMATTED CONTENTS NOTE
Formatted contents note Glossary
650 ## - SUBJECT ADDED ENTRY--TOPICAL TERM
Topical Term Hinduism-Social Aspect-India
942 ## - ADDED ENTRY ELEMENTS (KOHA)
Koha item type Books
700 1# -
-- Ilaiah, Kancha
Holdings
Collection code Home library Current library Date acquired Cost, normal purchase price Full call number Accession Number Koha item type
  Henry Martyn Institute Library Henry Martyn Institute Library 11/16/2011 295.00 294.508694 ILA 023710 Books
                   Copyright © 2026 | Henry Martyn Institute | Hyderabad | TS-500052 | INDIA | Implemented by hmi.edu.in
Hit-Count:

Powered by Koha